00806nam a2200169 a 450000100100000000500170001000800410002704000250006808200160009311000550010924501740016426000740033830000220041204900090043495201760044399900170061900003237820200930065618.0110714s1911 dr 000 0 spa d aDO-SdBNPbspacBNPHU axxxxbM533c1 aRepública DominicanabHacienda y Comercio95836000aMemoria con sus correspondientes anexos que al ciudadano presidente de la República presenta al ciudadano Secretario de Estado en los despachos de Hacienda y Comercio. aSanto Domingo :bImprenta "Cuna de América" viuda de Roques,c1911. a1019 p. ;c30 cm. aBNPD 001050718RVaPDbPDcCTd2011-07-14iLF1l0oxxxx M533cp32378-10r2020-06-25w2020-06-25y1zPerteneció a la biblioteca personal de Julio Ortega Frier.ZNo se presta c31869d31869